Álgebra (Registro nro. 4924)

Detalles MARC
000 -LEADER
fixed length control field 01248 a2200241 4500
001 - CONTROL NUMBER
control field 49997
005 - DATE AND TIME OF LATEST TRANSACTION
control field 20260407155800.0
008 - FIXED-LENGTH DATA ELEMENTS--GENERAL INFORMATION
fixed length control field 260407a1968 arg spa d
003 - CONTROL NUMBER IDENTIFIER
control field AR-UNSa-BCEJYS
040 ## - CATALOGING SOURCE
Original cataloging agency AR-UNSa-BCEJYS
Language of cataloging spa
Transcribing agency AR-UNSa-BCEJYS
080 ## - UNIVERSAL DECIMAL CLASSIFICATION NUMBER
Universal Decimal Classification number 512
Common auxiliary subdivision Algebra
041 ## - LANGUAGE CODE
Language code of text/sound track or separate title spa
100 1# - MAIN ENTRY--PERSONAL NAME
Personal name Rees, Paul K.
245 10 - TITLE STATEMENT
Title Álgebra
250 ## - EDITION STATEMENT
Edition statement 2a. ed.
264 #1 - PRODUCTION, PUBLICATION, DISTRIBUTION, MANUFACTURE, AND COPYRIGHT NOTICE
Place of production, publication, distribution, manufacture México :
Name of producer, publisher, distributor, manufacturer Reverte Mexicana
Date of production, publication, distribution, manufacture, or copyright notice 1968
300 ## - PHYSICAL DESCRIPTION
Extent 447 p.
Dimensions 25 cm.
505 ## - FORMATTED CONTENTS NOTE
Formatted contents note 1. Las cuatro operaciones fundamentales - 2. Productos notables y factorización - 3. Fracciones - 4. Ecuaciones de Primer Grado - 5. Funciones gráficas - 6. Ecuaciones simultáneas de Primer Grado - 7. Exponentes radicales - 8. Ecuaciones de Segundo Grado - 9. Ecuaciones simultáneas de Segundo Grado - 10. Razones, proporciones y variaciones - 11. Números complejos - 12. Ecuaciones de grado superior - 13. Desigualdades - 14. Logaritmos - 15. Progresiones - 16. Inducción matemática - 17. Teorema del binomio - 18. Interés compuesto y rentas - 19. Permutaciones y combinaciones - 20. Probabilidad - 21. Determinantes - 22. Fracciones parciales.
590 ## - LOCAL NOTE (RLIN)
Local note niveau_biblio:m niveau_hierar:0
700 1# - ADDED ENTRY--PERSONAL NAME
Personal name Sparks, Fred W.
700 1# - ADDED ENTRY--PERSONAL NAME
Personal name Amores, José Emilio
942 ## - ADDED ENTRY ELEMENTS (KOHA)
Koha item type
Existencias
Withdrawn status Lost status Damaged status Not for loan Home library Current library Shelving location Date acquired Total checkouts Full call number Barcode Date last seen Price effective from Koha item type
        Biblioteca Prof. Eusebio Cleto del Rey Biblioteca Prof. Eusebio Cleto del Rey   07/04/2026   512 R328 2ed. L23336 07/04/2026 07/04/2026 Libro
        Biblioteca Prof. Eusebio Cleto del Rey Biblioteca Prof. Eusebio Cleto del Rey   07/04/2026   512 R328 2ed. L23329 07/04/2026 07/04/2026 Libro
        Biblioteca Prof. Eusebio Cleto del Rey Biblioteca Prof. Eusebio Cleto del Rey   07/04/2026   512 R328 2ed. L23335 07/04/2026 07/04/2026 Libro
        Biblioteca Prof. Eusebio Cleto del Rey Biblioteca Prof. Eusebio Cleto del Rey   07/04/2026   512 R328 2ed. L23334 07/04/2026 07/04/2026 Libro
        Biblioteca Prof. Eusebio Cleto del Rey Biblioteca Prof. Eusebio Cleto del Rey   07/04/2026   512 R328 2ed. L23332 07/04/2026 07/04/2026 Libro
        Biblioteca Prof. Eusebio Cleto del Rey Biblioteca Prof. Eusebio Cleto del Rey   07/04/2026   512 R328 2ed. L23337 07/04/2026 07/04/2026 Libro
        Biblioteca Prof. Eusebio Cleto del Rey Biblioteca Prof. Eusebio Cleto del Rey   07/04/2026   512 R328 2ed. L21988 07/04/2026 07/04/2026 Libro
        Biblioteca Prof. Eusebio Cleto del Rey Biblioteca Prof. Eusebio Cleto del Rey   07/04/2026   512 R328 2ed. L23331 07/04/2026 07/04/2026 Libro
        Biblioteca Prof. Eusebio Cleto del Rey Biblioteca Prof. Eusebio Cleto del Rey   07/04/2026   512 R328 2ed. L23333 07/04/2026 07/04/2026 Libro
        Biblioteca Prof. Eusebio Cleto del Rey Biblioteca Prof. Eusebio Cleto del Rey   07/04/2026   512 R328 2ed. L23330 07/04/2026 07/04/2026 Libro